000 00467nam a22001937a 4500
003 OSt
008 220104b ||||| |||| 00| 0 eng d
020 _a9789386376527
082 _a004.0151 JAE
100 _aJAIN,ML
245 _aElements of Computer Oriented Numerical Mehods for BCA
250 _a9th Ed.
260 _aNew Delhi
_bJeevan Sons
300 _aMISC
650 _aBCA
700 _aGOEL,Pardeep
700 _aPRAGYA, edited
942 _2ddc
_cBK
999 _c11051
_d11051